000 00296nam a22001337a 4500
008 170310b xxu||||| |||| 00| 0 eng d
020 _a2801560534749
041 _aeng
080 _22ND
_a616-002.77
100 _a7
101 _aSHM
245 _aRHEUMATOLOGY SECRETS
_cWEST. S
942 _2udc
_cBK
999 _c7451
_d7451